000 00380nam a2200133Ia 4500
005 20260326235448.0
008 260326s9999||||xx |||||||||||||| ||und||
100 _aSteiner, Frederick
245 4 _aThe living lansdcape :
_b An Ecológical approach to Landscape Planning /
_cFrederick Steiner
260 _bOptima
300 _a356 p.
650 _aARQUITECTURA Y CLIMA
942 _cBK
999 _c7663
_d7663